Návrh postupu implementácie samohodnotenia podľa ISO 9004:2010 vo vybranej organizácii

Saved in:
Bibliographic Details
Main Author: Rovná, Renáta, 1976- (Author)
Other Authors: Paulová, Iveta (Thesis advisor)
Format: Manuscript Book
Language:Slovak
Published: Trnava : STU v Bratislave MTF UPMK, 2012
Subjects:
Online Access:VAIS
Tags: Add Tag
No Tags, Be the first to tag this record!

MARC

LEADER 00000ntm a22000003a 4500
001 stu248833
005 20160719160646.9
008 120620s2012----xo------------------slo-d
040 |a STU  |b slo 
041 0 |a slo 
044 |a xo 
100 1 |a Rovná, Renáta,  |d 1976-  |4 aut  |X 37218  |7 A000037218 
242 0 0 |a Proposal for implementation of a self-assessment according to the ISO 9004:2010 standard in a specified organization  |y eng 
245 1 |a Návrh postupu implementácie samohodnotenia podľa ISO 9004:2010 vo vybranej organizácii 
260 |a Trnava :  |b STU v Bratislave MTF UPMK,  |c 2012 
300 |a 82s  |c CD ROM 
650 7 |a inžinierstvo kvality produkcie  |2 stusub 
650 7 |a Engineering of Production Quality  |2 estusub 
650 7 |a customer satisfaction  |2 estusub 
650 7 |a komplexné manažérstvo kvality  |2 stusub 
650 7 |a samohodnotenie  |2 stusub 
700 1 |a Paulová, Iveta  |4 ths  |u M300  |U MTF Ústav priemyselného inžinierstva a manažmentu  |T MTF Katedra inžinierstva kvality  |U M300  |Y M300 
856 4 |a info a plný text  |u http://is.stuba.sk/zp/portal_zp.pl?podrobnosti=85519  |3 VAIS 
996 |c M*DP-10786  |l MMSKP  |s P  |a 0  |w stu248833_0001